| 000 | 00442nam a2200181Ia 4500 | ||
|---|---|---|---|
| 005 | 20240823061901.0 | ||
| 008 | 240823s9999||||xx |||||||||||||| ||und|| | ||
| 041 | _aENGLISH | ||
| 082 | _A621 P7 | ||
| 100 | _aShanmugam G | ||
| 245 | 0 | _aBasic Mechanical Engineering | |
| 250 | _a3rd | ||
| 260 |
_c2007 _bTata Mcgraw Hill Education Pvt |
||
| 500 | _aYES | ||
| 650 |
_aMechanical Engineering _bMechanical |
||
| 942 | _cBK | ||
| 999 |
_c234586 _d234586 |
||